Los hormonas (Record no. 139686)

MARC details
000 -LEADER
campo de control de longitud fija 00731nam a2200205 i 4500
001 - NÚMERO DE CONTROL
campo de control 139686
003 - IDENTIFICADOR DE NÚMERO DE CONTROL
campo de control ES-MaACL
005 - FECHA Y HORA DE LA ÚLTIMA TRANSACCIÓN
campo de control 20230906195856.0
007 - CAMPO FIJO DE DESCRIPCIÓN FÍSICA--INFORMACIÓN GENERAL
campo de control de longitud fija t|
008 - DATOS DE LONGITUD FIJA--INFORMACIÓN GENERAL
campo de control de longitud fija 070214s1971 sp r ||||1| spa d
100 1# - ENTRADA PRINCIPAL--NOMBRE DE PERSONA
Nombre de persona Sawin, Clark T.
9 (RLIN) 104091
245 14 - MENCIÓN DEL TÍTULO
Título Los hormonas
Resto del título : fisiología endocrina /
Mención de responsabilidad, etc. Clark T. Sawin ; prólogo de E. B. Astwood ; versión revisada por José María Tresánchez ; ilustraciones de Barry T. O'neil.
260 ## - PUBLICACIÓN, DISTRIBUCIÓN, ETC.
Lugar de publicación, distribución, etc. Barcelona :
Nombre del editor, distribuidor, etc. Salvat,
Fecha de publicación, distribución, etc. 1971.
300 ## - DESCRIPCIÓN FÍSICA
Extensión XVI, 309 p. :
Otras características físicas il. ;
Dimensiones 25 cm.
650 #4 - PUNTO DE ACCESO ADICIONAL DE MATERIA--TÉRMINO DE MATERIA
Término de materia o nombre geográfico como elemento de entrada Endocrinología.
9 (RLIN) 144424
700 1# - ENTRADA AGREGADA--NOMBRE PERSONAL
Nombre de persona Astwood, Edwin B.
9 (RLIN) 23704
700 1# - ENTRADA AGREGADA--NOMBRE PERSONAL
Nombre de persona Tresánchez, José María.
9 (RLIN) 111324
700 1# - ENTRADA AGREGADA--NOMBRE PERSONAL
Nombre de persona O'neil, Barry T.
9 (RLIN) 86348
852 ## - LOCALIZACIÓN
Ubicación ES-MaACL
Número de control de estantería C-42305
Sublocalización o colección R.78371
Holdings
Estatus retirado Estado de pérdida Estado de daño No para préstamo Biblioteca de origen Biblioteca actual Ubicación en estantería Fecha de adquisición Fuente de adquisición Total de préstamos Signatura topográfica completa Código de barras Visto por última vez Precio de reemplazo Tipo de ítem Koha
        Biblioteca del Ateneo de Madrid Biblioteca del Ateneo de Madrid Depósito 2 17/01/2008     C-42305 1145364 23/02/2023 23/02/2023 Libro impreso